1021 1704 1776 1881 1783 1892 1405 1291 1210 1291 1489 1660 1154 1863 1259 1254 1348 1835 1825 1648 1499 1947 1135 1483 1661 1864 1613 1451 1287 1382 1897 1829 1594 1369 1377 1025 1556 1781 1209 1037 1037 1019 1425 1418 1785 1259 1436 1927 1751 1449 1313 1004 1447 1562 1047 1527 1500 1736 1017 1637 1955 1483 1985 1421 1706 1864 1345 1890 1652 1449 1050 1785 1523 1476 1675 1341 1009 1019 1234 1730 1311 1960 1460 1449 1300 1812 1875 1902 1118 1937 1490 1422 1102 1494 1883 1277 1817 1851 1086 BCNSPRNW ULIB Ver.6.0+V

เปลี่ยนเป็นภาษาไทย

Change to English
 แสดงรายละเอียดบรรณานุกรม
  กลับหน้าหลัก

Brief Record : Get Marc (ISO 2709) : E-mail record : QR code < ปิดหน้าต่าง
LEADER : 00000nam 2200000uu 4500
001    13399115151
003     ULIB
008    110627s2550||||th 000 0 tha d
020    9749916484
090    นว.^bซ534ข
245 00 ขอที่ว่างข้างๆเธอ/^cซ
250    พิมพ์ครั้งที่ 1
260    กรุงเทพฯ :^bแพรวสำนักพิมพ์,^c2550
300    391 หน้า
710 1  แพรวสำนักพิมพ์
945    ^p275^l0^i021042
995    ทศพร
999 ^a ใช้งานได้ทุกระบบ
รายการนี้ยังไม่มีแท็ก
คุณยังไม่ได้ล็อกอิน คุณสามารถมีกิจกรรมร่วมกับเว็บไซต์ได้ แต่ต้องล็อกอินก่อน ::
  ล็อกอิน

รายการสื่อสารสนเทศ

ลำดับที่ ประเภท เลขเรียก/บาร์โค้ด สถานที่ สถานะ
1. นวนิยาย
นวนิยาย
นว. ซ534ข ฉ.1 
  Barcode: 021042
ห้องสมุดวิทยาเขตสวรรค์ประชารักษ์
►นวนิยาย
บนชั้น
  ขอยืม

BibComment


ยังไม่เคยถูกคอมเมนท์

คอมเมนท์ทรัพยากรรายการนี้
  คอมเมนท์: ขอที่ว่างข้างๆเธอ ซ


 Copyright 2026. Bcnsprnw @Library